书目信息 |
| 题名: |
服饰品设计艺术与创意实践
|
|
| 作者: | 尤伶俐 , 戴炤觉 著 | |
| 分册: | ||
| 出版信息: | 长春 吉林美术出版社 2021.07 |
|
| 页数: | 188页 | |
| 开本: | 24cm | |
| 丛书名: | ||
| 单 册: | ||
| 中图分类: | TS941.2 | |
| 科图分类: | ||
| 主题词: | 服饰--fu shi--设计 | |
| 电子资源: | ||
| ISBN: | 978-7-5575-6828-3 | |
| 000 | 00837nam0 2200253 450 | |
| 001 | CAL 0120217331019 | |
| 005 | 20230217093112.0 | |
| 010 | @a978-7-5575-6828-3@dCNY60.00 | |
| 100 | @a20220108d2021 em y0chiy0120 ea | |
| 101 | 0 | @achi |
| 102 | @aCN@b220000 | |
| 105 | @aa a 000yy | |
| 106 | @ar | |
| 200 | 1 | @a服饰品设计艺术与创意实践@Afu shi pin she ji yi shu yu chuang yi shi jian@f尤伶俐, 戴炤觉著 |
| 210 | @a长春@c吉林美术出版社@d2021.07 | |
| 215 | @a188页@c图@d24cm | |
| 320 | @a有书目 | |
| 330 | @a本书共8章, 分别为服装与装饰的起源与发展、服饰品概述、服饰品设计的方法与步骤、帽子的设计艺术、包袋的设计工艺等。 | |
| 606 | 0 | @a服饰@Afu shi@x设计 |
| 690 | @aTS941.2@v5 | |
| 701 | 0 | @a尤伶俐@Ayou ling li@4著 |
| 701 | 0 | @a戴炤觉@Adai zhao jue@4著 |
| 801 | 0 | @aCN@bBJXHZP@c20230222 |
| 905 | @b1379517-20@dTS941.2@e120@f4 | |
| 服饰品设计艺术与创意实践/尤伶俐, 戴炤觉著.-长春:吉林美术出版社,2021.07 |
| 188页:图;24cm |
| ISBN 978-7-5575-6828-3:CNY60.00 |
| 本书共8章, 分别为服装与装饰的起源与发展、服饰品概述、服饰品设计的方法与步骤、帽子的设计艺术、包袋的设计工艺等。 |
| ● |
| 相关链接 |
|
|
|
|
正题名:服饰品设计艺术与创意实践
索取号:TS941.2/120
 
预约/预借
| 序号 | 登录号 | 条形码 | 馆藏地/架位号 | 状态 | 备注 |
| 1 | 1379517 | 213795179 | 第二样本阅览室/ [索取号:TS941.2/120] | 在馆 | |
| 2 | 1379518 | 213795188 | 第三借阅区/ [索取号:TS941.2/120] | 在馆 | |
| 3 | 1379519 | 213795197 | 第三借阅区/ [索取号:TS941.2/120] | 在馆 | |
| 4 | 1379520 | 213795204 | 第三借阅区/ [索取号:TS941.2/120] | 在馆 |